000 00521nam a2200217Ia 4500
003 OSt
005 20140311163107.0
008 140130s9999 xx 000 0 und d
020 _a0590922408
050 _aQC 197
_b.K78 1997
100 _aKrulik, Nancy
_931362
245 _cNancy Krulik.
_aPlays ball /
260 _bScholastic,
_c1997.
_aNew York :
300 _a20 p. :
_bcol. ill. ;
_c19 cm.
440 _v1
_931174
521 _aG2
526 _c490
942 _cBK
_2lcc
999 _c40514
_d40514